Africa per 3rd Letter Quiz Stats

Quiz Updated Feb 27, 2015

Also try: Country per Letter
Challenge
Share
Tweet
Embed
Score 0/18 Timer 03:00
4 Plays Today
3rd Letter Country % Correct
AChad, Ghana, Rwanda...
96.1%
MCameroon, Comoros, Democratic Republic of Congo...
92.5%
GAlgeria, Angola, Niger...
91.8%
NBenin, Central African Republic, Kenya...
90.5%
BCabo Verde, Gabon, Liberia, Libya
87.9%
UEquatorial Guinea, Mauritania, South Africa...
86.7%
DMadagascar, Sudan
85.3%
YEgypt, Seychelles
84.5%
RBurkina Faso, Burundi, Morocco
78.6%
3rd Letter Country % Correct
IDjibouti, Eritrea, Guinea...
78.1%
LMalawi, Mali
70.3%
TBotswana, Côte d'Ivoire
62.9%
HEthiopia
61.7%
ZMozambique
60.9%
SLesotho
57.5%
ESierra Leone, The Gambia
47%
PRepublic of Congo
43.2%
OSão Tomé and Príncipe
35.9%

You're not logged in!

Compare scores with friends on all Sporcle quizzes.
Join for Free
OR
Log In

You Might Also Like...

Show Comments

Extras

Top Quizzes Today


Score Distribution

Your Account Isn't Verified!

In order to create a playlist on Sporcle, you need to verify the email address you used during registration. Go to your Sporcle Settings to finish the process.

Report this User

Report this user for behavior that violates our Community Guidelines.

Details: